000 00227nam a22000857a 4500
008 160705b xxu||||| |||| 00| 0 eng d
100 _92170
_a Premchand
245 _aFestivals of Eid
260 _aNew Delhi
_bNational Book Trust
_c1980
999 _c1862
_d1862